[Event "US-ch Women 2019"]
[Site "Saint Louis"]
[Date "2019.03.31"]
[Round "11.1"]
[White "Yu, Jennifer"]
[Black "Yip, Carissa"]
[Result "1-0"]
[WhiteElo "2273"]
[BlackElo "2279"]
[Annotator "TA"]
[PlyCount "103"]
[EventDate "2019.03.20"]
[EventType "swiss"]
[EventCountry "USA"]
[SourceTitle "playchess.com"]
[Source "ChessBase"]
[SourceQuality "1"]

{[%evp 15,103,-6,15,5,9,7,14,0,0,0,0,0,0,0,0,0,0,0,0,0,0,0,0,0,0,-24,5,5,38,24,39,-83,-89,-82,-78,-116,0,-117,-118,-114,-93,-81,21,16,18,30,41,6,39,0,48,43,60,54,39,50,45,37,125,124,121,119,158,163,195,213,209,202,204,202,226,226,224,214,224,177,957,861,876,672,672,651,567,315,6420,6070,29974,29975,29972,29972]} 1. c4 g6 2. Nc3 Bg7 3. g3 e6 4. Bg2 Ne7 5. d4 d5 6. cxd5 exd5 7. Nf3 O-O 8. O-O Nbc6 {LiveBook: 78 Games} 9. a3 {A13: English Opening: 1...e6} (9. b3 Re8 10. e3 Nf5 11. Ne1 Nce7 12. Nd3 a5 13. Re1 c6 14. Bb2 Nd6 15. Rc1 Nef5 16. Rc2 h5 {½-½ (28) Erdos,V (2650)-Iordachescu,V (2609) Mamaia 2013}) 9... Nf5 $146 {[%cal Rf5d4]} ({Predecessor:} 9... Bg4 10. e3 Qd7 11. Qb3 b6 12. Qa4 Rad8 13. b4 Bh3 14. Bd2 Bxg2 15. Kxg2 Nf5 16. Rac1 Nce7 17. Qxd7 Rxd7 {½-½ (32) Chiburdanidze,M (2505)-Ioseliani,N (2445) Shanghai 1992}) 10. e3 a6 11. Ne1 {The position is equal.} Nce7 12. Nd3 c6 13. b3 Nd6 14. a4 a5 15. Ba3 Re8 16. Re1 Nef5 17. Qc2 h5 18. h3 Nh6 19. Rad1 Bf5 20. Qc1 Rc8 21. Nf4 Kh8 22. f3 b5 {[%cal Bb7b5,Bb5b4][%mdl 32]} 23. Bc5 (23. axb5 $1 $14 {keeps the upper hand.} Nxb5 24. Nxb5 cxb5 25. Bc5) 23... b4 $17 24. Nce2 Nb7 25. Nd3 Qg5 (25... Bxd3 $17 26. Rxd3 Nxc5 27. Qxc5 Bf8) 26. Kf2 (26. e4 $11 Qxc1 27. Nexc1) 26... Bxd3 27. Rxd3 Nxc5 28. Qxc5 Nf5 (28... Bf8 $17 29. Qxa5 Qf5) 29. e4 $11 Bf8 30. Qc1 Qxc1 31. Rxc1 Ng7 32. Rd2 Ne6 (32... dxe4 {seems wilder.} 33. fxe4 c5 34. d5 Bd6 35. Rc4 f5) 33. exd5 cxd5 34. Rxc8 $1 Rxc8 35. f4 Rd8 36. Rc2 Bh6 ({Black should try} 36... h4 $14) 37. Rc6 h4 38. Ra6 hxg3+ 39. Kxg3 Bg7 40. Rxa5 Nxd4 41. Nxd4 Bxd4 42. Bxd5 $18 {[%mdl 4096] Endgame KRB-KRB} Kg7 43. Rb5 Ba7 44. Kf3 Kf6 45. Ke4 Rb8 $2 {[#]} (45... Rd7 46. Bc4 (46. Rxb4 Re7+ 47. Kf3 Kf5 $18) 46... Re7+ 47. Kf3 Kg7) 46. Rxb8 Bxb8 {KB-KB} 47. a5 Ke7 48. a6 f6 49. h4 {[%cal Bh3h4,Bh4h5,Bh5h6][%mdl 32]} Ba7 $2 {[#]} (49... f5+ 50. Kd4 Ba7+ 51. Kc4 Be3) 50. f5 g5 51. h5 Kf8 52. h6 {Precision: White = 58%, Black = 37%.} 1-0

[Event "US-ch Women 2019"]
[Site "Saint Louis"]
[Date "2019.03.31"]
[Round "11.2"]
[White "Foisor, Sabina-Francesca"]
[Black "Zatonskih, Anna"]
[Result "1-0"]
[WhiteElo "2276"]
[BlackElo "2430"]
[Annotator "TA"]
[PlyCount "71"]
[EventDate "2019.03.20"]
[EventType "swiss"]
[EventCountry "USA"]
[SourceTitle "playchess.com"]
[Source "ChessBase"]
[SourceQuality "1"]

{[%evp 10,71,-12,-3,9,11,10,12,25,22,30,32,40,25,29,10,25,18,29,16,16,23,36,32,51,33,48,47,57,0,0,0,37,43,49,0,26,-7,39,31,92,95,122,122,481,480,446,461,503,139,127,126,425,410,852,737,718,700,783,767,1437,1025,1010,1006]} 1. d4 d5 2. Nf3 Nf6 3. c4 e6 4. Nc3 a6 5. Bg5 dxc4 6. a4 h6 {D24: Queen's Gambit Accepted: 3 Nf3 Nf6 4 Nc3} (6... c6 7. e3 b5 8. axb5 cxb5 9. Bxf6 gxf6 10. Nxb5 axb5 11. Rxa8 Bb7 12. Ra1 Bb4+ 13. Ke2 O-O 14. Qc2 {0-1 (26) Mamedyarov,S (2817)-Nakamura,H (2746) Kolkata 2018}) 7. Bxf6 Qxf6 8. e3 Qd8 $146 {The position is equal.} ({Predecessor:} 8... Nc6 9. Bxc4 Bd6 10. O-O O-O 11. Ne4 Qe7 12. Nxd6 cxd6 13. d5 Nd8 14. dxe6 fxe6 {½-½ (68) Conquest,S (2488)-Milov,V (2683) Port Erin 2004}) 9. Bxc4 Be7 10. O-O O-O 11. Qe2 Nc6 12. Rad1 Qe8 13. e4 Nb4 14. Rfe1 Bd7 15. Bb3 b5 {[%cal Rb5a4]} 16. Ne5 bxa4 17. Nxd7 Qxd7 18. Bxa4 Qc8 19. Qh5 (19. Bb3 $14) 19... c5 $11 20. d5 Rd8 21. Re3 Bg5 22. Ree1 Be7 23. g3 Rb8 24. Re3 $36 {[%mdl 2048] White has some pressure.} exd5 ({Black should play} 24... Bf8 $14) 25. exd5 $16 Bg5 26. Re4 Rb6 $2 {[%mdl 8192] [#]} (26... Qc7 $16) 27. d6 $1 $18 {[%mdl 512]} g6 {[#]} (27... Rbxd6 28. Rxd6) 28. Qe2 $1 Kg7 29. Re8 $2 (29. d7 $18 {is more deadly.} Qc7 30. Re8) 29... Rxe8 $16 30. Bxe8 {Na4 is the strong threat.} Bf6 $2 {[%mdl 8192]} (30... Qf5 $16 31. Ne4 Qe6) 31. d7 $18 Qc7 {[#]} (31... Qb8 $142 32. Qc4 {[%mdl 64] Double Attack} Re6) 32. Bxf7 $1 {[%mdl 512] White is clearly winning.} Rb8 (32... Kxf7 33. Qe8+) 33. Be8 {Strongly threatening Qe6.} Nc6 34. Qe6 {White wants to mate with Qf7+.} Ne5 {[#]} 35. Qxf6+ $1 {[%mdl 576] Decoy} Kxf6 36. Nd5+ {[%mdl 64] Double Attack. Accuracy: White = 63%, Black = 35%.} 1-0

[Event "US-ch Women 2019"]
[Site "Saint Louis"]
[Date "2019.03.31"]
[Round "11.3"]
[White "Gorti, Akshita"]
[Black "Abrahamyan, Tatev"]
[Result "1/2-1/2"]
[WhiteElo "2272"]
[BlackElo "2377"]
[Annotator "TA"]
[PlyCount "101"]
[EventDate "2019.03.20"]
[EventType "swiss"]
[EventCountry "USA"]
[SourceTitle "playchess.com"]
[Source "ChessBase"]
[SourceQuality "1"]

{[%evp 25,101,15,14,12,13,0,0,0,18,-3,0,-13,-13,-26,-22,-30,-18,-18,-17,-25,-28,-24,-13,-20,-17,-22,0,-18,0,0,0,0,0,0,0,0,0,0,7,7,7,6,6,2,5,0,0,0,133,0,0,0,0,-9,0,0,0,0,0,-8,0,0,0,0,-8,-8,-8,-8,-8,-8,-8,-8,0,0,0,0,0,0]} 1. d4 Nf6 2. c4 e6 3. Nf3 b6 4. g3 Bb7 5. Bg2 Be7 6. O-O O-O 7. Nc3 Ne4 8. Bd2 Bf6 9. Rc1 d6 10. d5 Nxc3 11. Bxc3 Bxc3 12. Rxc3 e5 13. e4 a5 14. Nd2 {E18: Queen's Indian: Old Main Line (4 g3 Bb7 5 Bg2 Be7 6 0-0 0-0 7 Nc3)} Nd7 15. f4 c6 (15... Qe7 16. Nf3 f6 17. Re1 Nc5 18. Rce3 Bc8 19. Qc2 Bd7 20. b3 Rfb8 21. a3 b5 22. cxb5 Rxb5 {1-0 (55) Nakamura,H (2785)-Anton Guijarro,D (2650) Caleta 2017}) 16. Nf3 $146 ({Predecessor:} 16. a4 cxd5 17. exd5 exf4 18. Rxf4 Ne5 19. Nf3 Nxf3+ 20. Qxf3 Qc7 21. Qf2 Ba6 {0-1 (66) Bartholomew,J (2472)-Abrahamyan,T (2332) Saint Louis 2018}) 16... cxd5 17. cxd5 f6 18. Nh4 Nc5 19. Nf5 Bc8 20. Ne3 b5 21. fxe5 fxe5 22. Rxf8+ Qxf8 23. Rc2 Bd7 24. Rf2 Qe7 25. h4 g6 26. Qd2 a4 27. Nc2 Rf8 28. Rxf8+ Qxf8 29. Qe3 Qc8 30. Nb4 Nb7 31. Qb6 Qc5+ 32. Qxc5 Nxc5 $11 {[%mdl 4096] Endgame KBN-KBN} 33. Kf2 Kf7 34. Ke3 Ke7 35. Bf1 Kd8 36. Be2 h5 {[#]} (36... Kc7 $11) 37. Nc2 (37. Nc6+ $1 $16 Bxc6 38. dxc6) 37... Kc7 {The position is equal.} 38. Ne1 Kb6 39. Nf3 b4 40. Ng5 a3 41. bxa3 bxa3 42. Kd2 Bb5 43. Bxb5 Kxb5 {KN-KN} 44. Kc3 Ka4 45. Kc4 Ka5 46. Nf7 $1 {[%cal Rf7d6]} Nxe4 {[#] ...Kb6 is the strong threat.} 47. Kd3 Nxg3 {Strongly threatening ...Nf5.} 48. Nxd6 Kb6 {Hoping for ...Kc5.} 49. Nc4+ Kc5 50. Nxe5 Kxd5 51. Nxg6 {Accuracy: White = 65%, Black = 60%.} 1/2-1/2

[Event "US-ch Women 2019"]
[Site "Saint Louis"]
[Date "2019.03.31"]
[Round "11.4"]
[White "Wang, Annie"]
[Black "Sharevich, Anna"]
[Result "1/2-1/2"]
[WhiteElo "2304"]
[BlackElo "2282"]
[Annotator "TA"]
[PlyCount "111"]
[EventDate "2019.03.20"]
[EventType "swiss"]
[EventCountry "USA"]
[SourceTitle "playchess.com"]
[Source "ChessBase"]
[SourceQuality "1"]

{[%evp 19,111,0,39,4,20,0,0,-28,-19,-25,30,18,21,10,8,6,7,0,0,0,0,0,0,0,0,0,0,0,0,0,0,0,3,0,0,0,2,-58,-49,-57,-41,-55,0,0,0,14,63,1,81,0,25,0,0,0,15,0,36,23,99,0,0,0,0,0,0,0,0,0,0,0,0,0,0,0,0,0,0,0,0,0,0,0,0,0,0,0,0,0,0,0,0,0,0,-664]} 1. d4 d5 2. c4 e6 3. Nc3 Be7 4. Nf3 Nf6 5. g3 O-O 6. Bg2 c6 7. O-O Nbd7 8. b3 b6 9. Bb2 Ba6 10. Nd2 Rc8 11. Re1 {E07: Closed Catalan: Main Line (5 Nf3 0-0 6 0-0 Nbd7)} (11. e4 dxe4 12. Re1 c5 13. Ndxe4 cxd4 14. Qxd4 Nc5 15. Qe3 Qc7 16. Nxc5 Bxc5 17. Qf3 Rfd8 18. Ne2 Qe7 19. Rad1 Rxd1 20. Rxd1 {½-½ (48) Kramnik,V (2796)-Karjakin,S (2762) Nizhnij Novgorod 2013}) 11... b5 {[%cal Rb5c4]} 12. e4 bxc4 {White must now prevent ...c5.} 13. bxc4 Rb8 $146 ({Predecessor:} 13... dxc4 14. Bf1 Nb6 15. a4 c5 16. a5 Nbd7 17. d5 Ne5 18. f4 Nd3 19. Nxc4 Nxb2 20. Nxb2 Bxf1 21. Kxf1 exd5 22. exd5 {1-0 (38) Moreno,W (2055)-Silva Morales,M (2317) Peru 2000}) 14. Rb1 Nb6 (14... dxc4 $142 15. Qa4 Bb5) 15. exd5 exd5 16. c5 Nc4 17. Nxc4 Bxc4 18. Qa4 Qd7 19. Bc1 Rxb1 20. Nxb1 Bb5 21. Qb4 Bd8 22. Nd2 a5 23. Qb2 Re8 24. Rxe8+ Qxe8 25. Nf3 Bc7 26. Bg5 Ne4 27. Be3 a4 28. Ne1 (28. Bf1 $11) 28... Ba5 $15 29. Nf3 f6 30. Bf1 Bxf1 (30... Nc3 $15) 31. Kxf1 $11 Qc8 32. Kg2 Bc7 (32... Bc3 $5 {[%cal Rc3b2]} 33. Qb6 a3 $11) 33. Ne1 (33. Qc2 $14) 33... h6 (33... Ba5 $11 34. Nc2 Qe8) 34. Nd3 (34. Qc2 $16) 34... Qa6 35. Qa3 f5 36. f3 Ng5 37. Bf2 Ne6 38. Nb2 Bd8 (38... Qb5 $11 {remains equal.}) 39. Qe3 ({White should try} 39. Qxa4 $16 Qxa4 40. Nxa4) 39... Kf7 {The position is equal.} 40. Nd3 Bf6 41. Ne5+ Bxe5 42. Qxe5 Qd3 43. h4 Qc2 {[#] And now ...a3 would win.} 44. a3 Qd3 45. Qd6 Qxa3 {aiming for ...Qb2.} 46. Qxc6 Qb3 47. Qd7+ Kf6 48. c6 a3 49. Qd6 a2 50. c7 Qc4 (50... Qb7 $5 51. Qa3 $8 (51. Qd8+ Nxd8 {[%mdl 64] Promotion} 52. cxd8=Q+ Kg6 $19) 51... Qxc7 52. Qxa2 Qd7 $11) 51. Qd8+ $1 {[#]} Nxd8 $1 {[%mdl 576] Promotion} 52. cxd8=Q+ Kf7 53. Qd7+ Kg8 54. Qe6+ $1 Kh8 55. h5 $1 a1=Q $4 {[%mdl 8192]} (55... a1=R $11 56. Qe8+ Kh7 57. Qg6+ {[%mdl 64] Double Attack} Kh8 58. Qe8+ Kh7 59. Qg6+ {[%mdl 64] Double Attack} Kh8 60. Qe8+) 56. Qe8+ {[%mdl 32768] Accuracy: White = 54%, Black = 60%. . An unexpected result.} 1/2-1/2

[Event "US-ch Women 2019"]
[Site "Saint Louis"]
[Date "2019.03.31"]
[Round "11.5"]
[White "Krush, Irina"]
[Black "Feng, Maggie"]
[Result "1-0"]
[WhiteElo "2451"]
[BlackElo "2199"]
[Annotator "TA"]
[PlyCount "119"]
[EventDate "2019.03.20"]
[EventType "swiss"]
[EventCountry "USA"]
[SourceTitle "playchess.com"]
[Source "ChessBase"]
[SourceQuality "1"]

{[%evp 9,119,12,19,34,16,16,31,6,26,18,27,22,26,21,24,24,30,33,43,22,21,0,24,20,17,22,14,0,14,-21,-12,-34,-14,-12,-5,-27,0,-11,8,35,38,0,0,0,0,0,13,8,20,-14,-17,-18,-19,-20,-9,-14,5,0,8,9,51,53,43,13,20,24,50,43,51,35,76,71,83,77,120,118,191,191,447,443,671,660,638,638,638,638,638,625,1211,1131,29976,29977,29977,29979,29979,29980,29980,29980,29981,29982,29982,29983,29983,29984,29984,29985,29985,29986,29986,29987,29987,29988]} 1. c4 e5 2. Nc3 Nc6 3. g3 Bc5 4. Bg2 a6 5. e3 d6 6. Nge2 {A25: English Opening vs King's Indian with ...Nc6 but without early d3} (6. Nf3 Nf6 7. O-O O-O 8. h3 Ba7 9. d4 h6 10. dxe5 dxe5 11. Qxd8 Rxd8 12. b3 Be6 13. Ba3 Rd7 14. Rfd1 Rad8 15. Rxd7 Rxd7 {½-½ (41) Howell,D (2676)-Ponomariov,R (2694) Riadh 2017}) 6... Ba7 7. d4 exd4 8. exd4 {White is slightly better.} Nge7 9. O-O O-O 10. Be3 Nf5 11. Qd2 Re8 12. Rae1 $146 ({Predecessor:} 12. Nd5 Nce7 {0-1 (44) Radovanovic,D (1852)-Mladenovic,S (2329) Nis 2014}) 12... Nxe3 13. fxe3 Ne7 14. Qd3 c6 15. Kh1 Rb8 16. Be4 g6 17. Bg2 b5 18. b3 d5 19. c5 b4 20. Nb1 Bf5 21. Qd1 ({Reject} 21. Qxa6 Ra8 $17) 21... Kg7 22. Nf4 Qd7 23. Nd2 Ng8 24. e4 dxe4 $1 25. Nxe4 Bxe4 26. Rxe4 Rxe4 27. Bxe4 Nf6 28. Bg2 {Strongly threatening Qa1.} Rd8 29. d5 (29. Qe1 $5 {[%cal Re1e5]} Bb8 30. d5 $14 (30. Qxb4 Qxd4 31. Qxd4 Rxd4 $11)) 29... Nxd5 {White must now prevent ...Ne3.} 30. Nxd5 cxd5 31. Qd4+ Kg8 32. Qxb4 Qc7 33. Rc1 d4 34. Qb7 $36 {[%mdl 2048] White fights for an advantage.} Bb8 (34... Qxb7 {feels hotter.} 35. Bxb7 d3 36. c6 Bb6 37. Kg2 a5) 35. Qxc7 Bxc7 $14 {[%mdl 4096] Endgame KRB-KRB} 36. Bf1 a5 37. Bd3 Kf8 38. a3 {[%cal Ba2a3,Ba3b4,Bb4b5,Bb5b6,Bb6b7][%mdl 32]} Rb8 39. Rb1 Ke7 40. b4 $1 axb4 41. axb4 Kd7 {[#]} 42. b5 $1 Ra8 (42... Bd8 $16 {was necessary.}) 43. b6 $18 Be5 $2 {[#]} (43... Bd8 {might work better.} 44. c6+ Kd6) 44. c6+ $1 {[%mdl 512]} Ke7 (44... Kd8 $142 45. Rb5 Ra1+ 46. Kg2 Ra2+ 47. Kh3 Bc7 48. Rd5+ Kc8 49. bxc7 Ra7) (44... Kxc6 45. Be4+) 45. b7 Rb8 {[#]} 46. Re1 $1 Kd6 {[#]} 47. Rxe5 $1 {[%mdl 512]} Kxc6 {KRB-KR} (47... Kxe5 48. c7) 48. Re7 f5 49. Rxh7 Rxb7 50. Rxb7 {White mates.} Kxb7 {KB-K3P} 51. Kg2 Kc6 52. Kf3 Kd6 53. Kf4 Ke6 54. Kg5 Kf7 55. h4 Kg7 56. Bc4 Kh7 57. Bf7 d3 58. Bxg6+ Kg7 59. Bxf5 d2 60. Bc2 {Accuracy: White = 68%, Black = 39%.} 1-0

[Event "US-ch Women 2019"]
[Site "Saint Louis"]
[Date "2019.03.31"]
[Round "11.6"]
[White "Nguyen, Emily"]
[Black "Eswaran, Ashritha"]
[Result "0-1"]
[WhiteElo "2143"]
[BlackElo "2234"]
[Annotator "TA"]
[PlyCount "146"]
[EventDate "2019.03.20"]
[EventType "swiss"]
[EventCountry "USA"]
[SourceTitle "playchess.com"]
[Source "ChessBase"]
[SourceQuality "1"]

{[%evp 15,146,0,8,0,0,0,0,0,7,0,36,0,0,0,0,0,-1,-4,0,0,2,-150,-126,-141,-133,-181,-172,-199,-197,-310,-292,-282,-281,-285,-228,-252,-239,-228,-232,-239,-235,-281,-264,-258,-178,-178,-177,-210,-169,-177,-177,-178,-175,-172,-166,-166,-86,-86,-86,-90,-88,-92,-91,-99,-99,-129,-129,-129,-104,-141,-85,-122,-85,-129,-108,-126,-94,-102,-102,-101,-108,-111,-92,-108,-74,-91,-82,-141,-85,-86,-85,-184,-184,-184,-184,-154,-108,-108,-108,-202,-172,-172,-162,-164,-164,-164,-164,-302,-302,-302,-302,-302,-302,-302,-302,-302,-302,-302,-302,-302,-302,-302,-302,-302,-179,-29978,-29979,-29979,-29980,-29980,-29981,-29981,-29982]} 1. d4 Nf6 2. Bg5 d5 3. e3 c5 4. Bxf6 gxf6 5. dxc5 e6 6. Nf3 {D00: 1 d4 d5: Unusual lines} (6. c4 dxc4 7. Nd2 c3 8. bxc3 Bxc5 9. Ngf3 O-O 10. Be2 Be7 11. O-O Nd7 12. Nd4 Nc5 13. Bf3 Bd7 {½-½ (55) Mchedlishvili,M (2610)-Harikrishna,P (2725) St Petersburg 2018}) 6... Bxc5 7. Be2 Nc6 8. O-O O-O {LiveBook: 5 Games} 9. Nbd2 f5 $146 ({Predecessor:} 9... b6 10. c4 dxc4 11. Bxc4 Bb7 12. Qe2 Qe7 13. Ba6 Bxa6 14. Qxa6 {½-½ (59) Swapnil,S (2516)-Debashis,D (2494) Patna 2017}) 10. c4 dxc4 11. Nxc4 Qf6 12. Qc2 Bd7 13. a3 Rfc8 14. Rad1 Be8 15. b4 Bf8 16. Qb3 Rd8 17. b5 Ne7 18. Nfe5 $2 (18. Nd6 $11) 18... Rd5 $17 19. f4 Rxb5 20. Qa2 Nd5 21. Rd3 Rc5 22. Bf3 (22. Qb1 {might work better.}) 22... Bb5 23. Qb3 Rac8 {[%cal Rb5c4]} 24. Rd4 Bxc4 25. Rxc4 Rxc4 26. Nxc4 {[#]} Rxc4 $1 {[%mdl 512]} 27. Qxc4 Nxe3 28. Qc8 Qd4 29. g3 Nxf1+ 30. Kxf1 b6 31. Bh5 {and the idea Qc7 leaves White hopeful.} Qd3+ 32. Kg2 Qxa3 33. Qd7 Qb2+ 34. Kh3 Qf6 35. Qxa7 Bc5 (35... b5 $19 36. Qd7 b4) 36. Qb7 Kg7 37. Kg2 Bd4 38. Kf1 e5 39. fxe5 Bxe5 40. Bf3 f4 41. g4 Qg6 42. Qe4 Qd6 (42... Qxe4 $142 43. Bxe4 b5) 43. Qd5 Qc7 44. Qc6 Qa7 45. Qb5 Bf6 46. Kg2 Qa2+ 47. Qe2 Qa5 48. Qc4 Be5 49. Qd5 Qc3 {Strongly threatening ...Qb2+.} 50. Qb5 Qd4 51. Be2 (51. g5 $142) 51... Qe4+ ({Black should try} 51... Qe3 52. Bf3 h6) 52. Bf3 Qe3 53. Qd5 {[#]} (53. g5 $17) 53... h6 $1 $19 54. Qe4 Qxe4 55. Bxe4 {[%mdl 4096] Endgame KB-KB} f6 56. Kf3 Kf7 57. Ke2 (57. Bc2 $17 {was called for.}) 57... Ke6 58. Kd3 Bd6 59. h4 Bc5 60. h5 Ke5 61. Bf3 (61. Bc6 $142) 61... b5 62. Bd1 b4 63. Bf3 b3 {aiming for ...b2.} 64. Kc3 {[#]} b2 $1 65. Kxb2 {[#]} Kd4 $1 {[%cal Rd4e3]} 66. Kc2 {If only White now had time for Kd2....} Ke3 67. Bc6 f3 {[%cal Bf4f3,Bf3f2][%mdl 32] White must now prevent ...Ke2.} 68. Kd1 Bb4 69. Bb5 Kf2 (69... Kf4 $142 70. Bd3 Kxg4) 70. Kc2 $2 (70. Bc6 $19) 70... Ke1 {Black mates.} 71. Kd3 f2 72. Ke4 Bd2 73. Kf5 Bg5 {Precision: White = 38%, Black = 71%.} 0-1